All Green Day Members (Past and Current) - Statistics

General Stats
  • This quiz has been taken 8 times
  • The average score is 8 of 17
Answer Stats
Active from Member % Correct
1987 - present Billie Joe Armstrong
100%
1999 - present Jason White
100%
1987 - present Mike Dirnt
100%
1990 - present Tré Cool
100%
2004 - present Jason Freese
75%
2019 - present Kevin Preston
63%
1987 - 1988 Raj Punjabi
63%
1988 - 1990 John Kiffmeyer
50%
2009 - 2019 Jeff Matika
38%
2004 - 2005 Bobby Schneck
13%
1999 - 2001 Gabrial McNair
13%
1997 - 1999 Garth Schultz
13%
1999 - 2005 Kurt Lohmiller
13%
2004 - 2005 Mike Pelino
13%
2005 Ronnie Blake
13%
1987 - 1988 Sean Hughes
13%
2024 Coley O'Toole
0%
No matching quizzes found
Score Distribution
Percent of People with Each Score
Percentile by Number Answered
Your Score History
You have not taken this quiz